Bus stops in Prague A - Nal - Statistics

General Stats
  • This quiz has been taken 28 times
  • The average score is 113 of 500
Answer Stats
Bus lines Answer Other transports % Correct
123, 167, 191 Anděl B, 4, 5, 7, 9, 10, 15, 16, 20, 21
73%
125, 126, 136, 154, 170, 175, 183, 203, 213, 226, 227, 240 Háje C, 381, 382, 383, 387
68%
115, 126, 135, 177, 197 Chodov C
59%
133, 135, 175, 194, 207 Florenc B, C, 3, 8, 24
59%
106, 113, 138, 139, 150, 157, 189, 196, 215 Kačerov C, 333
59%
136, 175 Flora A, 10, 11, 13, 15, 16
55%
118, 124, 134, 170, 193 Budějovická C, 332, 335, 337, 339, 362
50%
135, 136, 150, 188, 213 Chodovská 11, 14
50%
101 Jiřího z Poděbrad A, 11, 13
50%
148, 176 Karlovo náměstí B, 2, 3, 4, 6, 10, 14, 16, 18, 22, 23, 42
50%
123, 167, 253, 265 Kavalírka 9, 10, 15, 16
50%
110, 136, 140, 158, 159, 182, 185, 195, 201, 209 Letňany C, 58, 302, 351, 375, 376, 377, 378, 413
50%
176 Arbesovo náměstí 9, 12, 15, 20
45%
124, 135, 136, 139, 150, 213 Bělocerkevská -
45%
116, 131, 161, 216, 255, 263 Bořislavka A, 20, 26, 312, 316, 356
45%
141, 171, 181, 186, 201, 220, 221, 222, 223, 224, 240, 250 Černý Most B, 303, 315, 344, 345, 346, 353, 354,367,379,398, 403, 412, 700, 720, 730
45%
125, 126, 136, 154, 170, 175, 183, 213, 226, 227, 240 Horčičkova 381, 382, 383, 387
45%
148 I. P. Pavlova C, 4, 6, 10, 11, 13, 16, 22, 23
45%
104, 144, 145, 152, 162, 169, 177, 200 Kobylisy C, 3, 10, 12, 14, 24, 370, 371, 372, 373, 374, 411
45%
103, 152, 166, 177 Ládví C, 10, 348, 349, 368, 369
45%
194 Malostranská A, 2, 12, 15, 18, 20, 22, 23, 41, 42
45%
120, 123, 137, 167, 191, 231, 232 Na Knížecí 4, 5, 12, 20
45%
101, 135, 136, 150, 213 Bohdalec -
41%
124, 139 Bohemians 6, 7, 19
41%
124, 139 Čechovo náměstí 4, 13, 22
41%
115, 125, 136, 170, 203, 213 Chodovec -
41%
107, 108, 143, 147, 149, 160, 180 Dejvická A, 20, 26, 340, 350, 355
41%
131 Hradčanská A, 1, 2, 8, 18, 20, 25, 26
41%
125, 175, 183, 226, 227, 270 Jakobiho -
41%
123, 149, 167, 191, 265 Klamovka 9, 10, 15, 16
41%
136 Krejcárek 1, 10, 19
41%
105, 118, 125, 129, 172, 190, 196, 197, 241, 244 Lihovar 4, 5, 12, 20, 314, 317, 318, 334, 338, 360, 361, 390, 392, 393, 395, 407
41%
177, 188, 195, 228 Limuzská 7, 16
41%
121, 124, 134, 170 Antala Staška -
36%
109 Balabenka 6, 8, 19, 25
36%
226, 228 Benice 325
36%
118, 124, 170 Brumlovka -
36%
166, 201 Bulovka 3, 10, 24, 348
36%
140, 158, 166, 202, 257 Čakovice 58, 377
36%
106, 121, 190 Černý kůň 3, 17, 21
36%
125, 136, 203, 213 Chodovská tvrz 326
36%
145, 152, 202, 251 Čimice -
36%
102, 144, 152, 177, 200 Čimický háj -
36%
163, 171, 173, 208, 228, 229, 273 Depo Hostivař A, 7, 16, 364, 366
36%
108, 119, 191 Divoká Šárka 20, 26, 300, 322, 323, 330, 342, 388, 389, 399, 414
36%
118, 134 Dvorce 2, 3, 12, 21
36%
110, 141, 259 Hloubětín B, 19, 25
36%
138, 193, 203 IKEM 332, 335, 337, 339, 362
36%
137, 149 Jinonice B
36%
221 Klánovice -
36%
124, 139, 188, 196 Kloboučnická -
36%
101, 124, 139 Koh-i-noor 4, 6, 7, 19, 22
36%
135 Krymská 4, 13, 22
36%
125, 136, 177, 181, 182, 213 Litochlebské náměstí 326
36%
137, 174, 225, 266 Luka B, 301, 352
36%
133, 146, 155 Malešická -
36%
137, 174, 225, 266 Amforová 301, 352
32%
156 Argentinská -
32%
158, 195, 201 Avia Letňany -
32%
109, 163, 209, 221, 250, 262 Běchovice -
32%
164, 168, 260 Bílá Hora 22, 25, 347, 365
32%
125, 154, 175, 183, 204, 240, 252, 254 Boloňská -
32%
117 Čechova čtvrť 3, 17, 21
32%
151, 152 Českomoravská B, 375
32%
120, 130, 170, 230, 258 Chaplinovo náměstí 4, 5, 12, 20
32%
113 Cholupice 341
32%
111, 204, 229, 252 Dolní Měcholupy 329, 364, 366
32%
204, 229, 252 Dolnoměcholupská 364, 366
32%
126, 170, 177, 181, 182, 256 Donovalská -
32%
111 Dubeč 329
32%
110, 136, 140, 166, 201 Fryčovická 58, 351, 377
32%
124, 139, 150, 196 Hadovitá -
32%
240 Hasičská -
32%
120, 128, 258 Hlubočepy 4, 5, 12, 20
32%
180 Hlušičkova 9, 10, 16, 304, 380
32%
110, 224, 259 Hostavice -
32%
154, 175, 181, 182, 254 Hostivařská 22, 26
32%
168, 266 Hůrka B
32%
176 Jiráskovo náměstí 5, 17, 42
32%
152, 200, 202, 235 Katovická -
32%
134, 188 Kavčí hory -
32%
110 Kbelská -
32%
182, 185, 201, 202, 209 Kbely 302, 375, 376, 378
32%
126, 203 Koleje Jižní Město -
32%
143, 149 Koleje Strahov -
32%
193 Kotorská 18, 19
32%
153 Laurová 7, 21
32%
136, 140, 166, 182, 195, 201 Letňanská 58, 375
32%
121, 139, 150, 157, 197 Lhotka -
32%
197, 215 Libuš 17
32%
160 Lysolaje 335
32%
163, 173, 208, 228, 229 Malešická továrna 16, 364, 366
32%
155, 177, 195 Malešické náměstí -
32%
194 Malostranské náměstí 12, 15, 20, 22, 23, 42
32%
143, 149, 164 Malovanka 22, 23, 25
32%
101, 111, 125, 138 Michelangelova 329
32%
124, 139, 150, 188, 196 Michelská 11, 14
32%
140, 202, 257 Miškovice 58, 377
32%
125, 126, 154, 170, 203 Modrá škola -
32%
154, 175, 181, 182, 254 Na Groši 22, 26
32%
163, 173, 208, 228, 229 Na Homoli 16, 364, 366
32%
142, 184, 266 Archeologická -
27%
194, 207 Bílá labuť 3, 8, 14, 24
27%
133 Biskupcova 5, 9, 10, 11, 19
27%
180 Blatiny 9, 10, 16
27%
164 Blatnická 306
27%
234, 235, 236 Botanická zahrada Troja -
27%
160 Břetislavka 355
27%
103 Březiněves 348, 368, 369
27%
126, 170, 256 Brodského -
27%
110 Čakovická -
27%
101, 138, 195 Centrum Zahradní město -
27%
133, 136, 207 Černínova -
27%
107, 147, 160 Čínská 340, 350, 355
27%
140, 158, 166, 202 Cukrovar Čakovice 58
27%
103, 202 Ďáblice 348, 368, 369
27%
191 Dědina 20, 26
27%
118, 138, 170 Depo Kačerov -
27%
149, 191 Diskařská -
27%
153, 231, 271 Dívčí hrady -
27%
207 Dlouhá třída 3, 6, 8, 15, 26
27%
110, 136, 140, 201 Dobratická 58, 351, 377
27%
109, 110, 163, 208, 224 Dolní Počernice -
27%
166 Domov seniorů Ďáblice -
27%
177, 195, 273 Donatellova -
27%
111, 228, 240 Dubeček 329
27%
228 Dubečský hřbitov -
27%
159, 182, 185, 209 Důstojnické domy 302, 375, 376, 378
27%
146, 155, 267 Habrová -
27%
118, 135, 136, 170, 213 Hlavní -
27%
133, 188, 199 Hostýnská -
27%
194 Hradební -
27%
135 Jana Masaryka 4, 13, 22
27%
124, 139, 150, 196 Jemnická -
27%
116, 161, 255, 263 Jenerálka 312, 316, 356
27%
149 Jinonická -
27%
136, 170, 213 Jižní Město -
27%
101, 111, 181, 182, 183 Kablo 329
27%
107, 147, 160 Kamýcká 409
27%
122 Kateřinky 363
27%
243 Kazín -
27%
111, 240 K Dubečku 329
27%
122, 136, 213 Ke Kateřinkám 363
27%
100, 119, 191 K Letišti 322, 323, 324, 342, 356, 388
27%
146 Kněžská luka 1, 9, 11
27%
168, 191 Koleje Větrník -
27%
111 Koloděje 303, 329
27%
226, 227 Kolovraty -
27%
117, 139, 246 Komořany -
27%
229 Královice -
27%
122, 126, 270, 272 Křeslice -
27%
120, 231, 232 Křížová 7, 21
27%
168, 174, 180, 184 Kukulova 304, 347, 365, 380
27%
154, 193, 203 Kunratice -
27%
110, 171, 181, 259 Kyje -
27%
136, 177, 182, 183, 195 K Žižkovu -
27%
117, 139, 150, 157 Labe -
27%
129, 241, 246, 247, 261 Lahovice 317, 318, 334
27%
129, 241 Lahovičky 317, 318, 334
27%
186 Lehovec 19, 25
27%
159, 182, 185, 209 Letecké muzeum 302, 375, 375, 378
27%
108, 168, 191 Libocká -
27%
226 Lipany -
27%
241, 242, 243 Lipence -
27%
108, 168, 191 Litovický potok -
27%
125, 204, 240, 252, 254, 270 Livornská -
27%
120 Lochkov -
27%
164, 260 Malý Břevnov 22, 25, 347, 365
27%
156 Maniny 1, 6, 25
27%
194 Mariánské náměstí -
27%
115 Městský archiv Chodovec -
27%
154, 240 Morseova -
27%
245 Ametystová -
23%
125, 154 Bachova -
23%
159, 182, 185, 201, 202 Bakovská -
23%
105 Barrandovská -
23%
262 Bártlova 353
23%
181, 182, 183 Barvy a laky -
23%
133, 267 Basilejské náměstí -
23%
221 Bazar 303, 343, 408
23%
141, 259 Bazén Hloubětín -
23%
228 Bečovská -
23%
126, 170, 256 Benkova -
23%
226, 227 Betonárka -
23%
225 Bílý Beránek 304, 380
23%
163, 209, 211, 250, 262 Blatov -
23%
210 Blatov sever -
23%
101, 188 Bohdalecká -
23%
236 Bohnické údolí -
23%
102, 166, 183, 251 Bojasova -
23%
125, 204, 240, 252, 254, 270 Bolevecká -
23%
177, 195 Botanická zahrada Malešice -
23%
170, 196, 197 Branické náměstí -
23%
126, 170, 203 Brechtova -
23%
141, 171, 223, 224 Breitcetlova -
23%
223, 224 Bryksova -
23%
110, 136, 275 Čakovický zámek 377
23%
112, 234 Čechova škola -
23%
120, 246 Cementárna Radotín -
23%
155, 228 Černická -
23%
262 Čertousy 353
23%
166, 201 Čertův vršek -
23%
142, 184, 225 Červeňanského -
23%
171, 181 Českobrodská -
23%
151, 166, 201 Českolipská -
23%
135, 136, 170, 213 Choceradská -
23%
224 Chodovická -
23%
113, 277 Cholupický hřbitov -
23%
141, 171, 221, 222, 223, 224 Chvaly 303, 344, 353, 354, 398
23%
246 Cikánka -
23%
159 Ctěnický zámek -
23%
117, 139, 246 Cukrovar Modřany -
23%
204, 262 Divadlo Horní Počernice 303, 344, 353, 354
23%
134 Dobeška -
23%
117 Do Koutů -
23%
141, 171, 224 Doležalova -
23%
226 Do Lipan -
23%
242 Dolní Černošice -
23%
162 Dolní Chabry -
23%
242 Dolnočernošická -
23%
122, 126, 270, 272 Dolnokřeslická -
23%
164 Dopravní hřiště Vypich -
23%
201, 209 Dřevařská 376
23%
209 Druhanická 303
23%
117, 139, 150, 157, 190 Družná -
23%
169, 202 Dvořákova -
23%
129, 139, 241, 242, 247, 261 Elišky Přemyslovny 318
23%
105, 230 Filmové ateliéry Barrandov -
23%
120 Frančíkova -
23%
204, 209, 220 Františka Veselého -
23%
229 Fruta 364, 366
23%
141, 171, 224 Generála Janouška -
23%
105, 170 Geologická 4, 5, 12, 20
23%
229 Hájek 366
23%
227 Hájová -
23%
194 Haštalské náměstí -
23%
110, 141, 181, 259 Hejtmanská -
23%
175 Holoubkovská -
23%
177, 181, 182, 254 Hostivařské náměstí -
23%
177, 181, 182, 254 Hostivařský hřbitov -
23%
125, 154, 175, 183, 254 Hostivařský pivovar -
23%
146 Hrdlořezská -
23%
126, 272 Hříbková -
23%
182, 185, 209 Huntířovská 302, 375, 376, 378
23%
186, 201 Hutě -
23%
158, 195, 201 Ivančická -
23%
109, 110, 208, 224, 259 Jahodnice -
23%
113 Jalodvorská 333
23%
209 Ježovická 303
23%
171, 181, 259 Jiráskova čtvrť -
23%
186, 201 Jordánská -
23%
164, 180 Kajetánka -
23%
141, 171, 224 Kapitána Stránského -
23%
112, 234 Kazanka -
23%
185, 202 Kbelský hřbitov -
23%
159, 201 Kbelský lesopark -
23%
204, 208, 224 Ke Hrázi -
23%
243 Ke Kazínu -
23%
151 Ke Klíčovu -
23%
126, 228, 272 Ke Kříži 325
23%
140 Kelerka 58
23%
204, 223 Khodlova -
23%
175, 254 K Lesoparku -
23%
151 Klíčov -
23%
228 K Lipanům 325
23%
230 Klukovice -
23%
209, 229 K Netlukám 366
23%
181, 182 K Obecním hájovnám -
23%
102, 166 Kobyliská střelnice -
23%
124, 135, 139 Kodaňská -
23%
109, 182, 183 Kolonie -
23%
231, 271 Konvářka -
23%
154, 188 Korytná -
23%
140, 158, 166, 202 Koupaliště Čakovice 58
23%
137, 174, 266 Kovářova - KD Mlejn -
23%
126, 272 K Pitkovičkám -
23%
204, 222, 224 Krahulčí -
23%
102, 152, 200, 202, 235, 236 Krakov -
23%
180 Krematorium Motol 9, 10, 16, 304, 380
23%
151 Krocínka -
23%
110, 136, 275 Krystalová -
23%
201 Kuchyňka -
23%
140 Kundratka 58
23%
154, 193, 203, 274 Kunratická škola -
23%
164 Kusá -
23%
204, 229, 252 Kutnohorská 364, 366
23%
111, 209 Kvasinská 303, 329
23%
146 Květinková -
23%
101. 224 Kyjský hřbitov -
23%
220 K Zelenči -
23%
224 Lánská -
23%
111, 228, 240 Lázeňka 329
23%
135, 136, 138, 170, 213 Lešanská -
23%
145, 152, 202, 251 Libeňská -
23%
186, 201 Lipnická -
23%
228 Lnářská 325
23%
109, 110, 208, 224, 259 Lomnická -
23%
246 Lomy -
23%
141, 171, 204, 221 Lukavecká 303, 344, 353, 354
23%
151, 166, 201 Madlina -
23%
129, 172, 241, 244 Malá Chuchle 318
23%
137, 142 Malá Ohrada -
23%
155 Malešický park -
23%
137, 153 Malvazinky -
23%
136, 213 Metodějova -
23%
134, 188 Milevská -
23%
203 Milíčov -
23%
137, 174, 266 Mládí -
23%
117 Modřanská škola 3, 17, 21
23%
203 Mokrá -
23%
101, 111, 125 Mokřanská 329
23%
168, 174. 180 Motol 9, 10, 16, 304, 347, 365, 380
23%
175 Murmanská -
23%
101, 111, 125 Myšlínská 329
23%
226, 227 Na Blanici 382, 383
23%
103 Na Fabiánce 348, 368, 369
23%
177, 254 Na Košíku -
23%
262 Na Kovárně 303, 344, 353, 354, 398
23%
154, 175, 183 Na Křečku -
23%
146 Na Lukách -
23%
148 Apolinářská -
18%
109, 177, 182, 183, 195 Balkán -
18%
129, 242 Baně 318
18%
164, 225 Bazovského -
18%
162 Bílenecké náměstí -
18%
115 Blažimská -
18%
158, 195 Boletická -
18%
224 Břeclavská -
18%
108 Brodecká -
18%
147, 160 Budovec 409
18%
159 Bukovinská -
18%
153 Černý vrch -
18%
113, 277 Cholupické náměstí -
18%
277 Cholupický vrch 341
18%
117, 189, 197 Cílkova -
18%
191, 225 Ciolkovksého 20, 26
18%
159 Ctěnice -
18%
117 Darwinova -
18%
224 Dercsenyiho -
18%
188 Dobročovická -
18%
204, 220 Do Čertous -
18%
116, 255 Dolní Šárka -
18%
170 Dolnokrčská -
18%
224 Dolnopočernický hřbitov -
18%
129, 241 Dostihová 318
18%
120, 258 Dreyerova -
18%
102, 144, 177 Dunajecká -
18%
137 Farkáň -
18%
122 Formanská 363
18%
131 Goetheho -
18%
164, 180 Halenkovská 306
18%
110, 158, 166 Hamplova -
18%
117, 139, 150, 157 Hasova -
18%
195 Hlohová -
18%
170, 230 Hogerova -
18%
130, 246 Holýšovská -
18%
160 Horní Lysolaje -
18%
113 Hrazanská 341
18%
154 Hrnčířský hřbitov 326, 327, 331, 357
18%
210, 211, 221, 264 Hulická 303, 391
18%
149 Hutmanka -
18%
156, 187, 201 Jankovcova -
18%
204, 223 Jeřická -
18%
188 Jezerka -
18%
106, 196, 197 Jílovská -
18%
154, 197, 274 Jirčanská -
18%
106 Jitřní -
18%
224 Jizbická -
18%
173, 252 Kardausova -
18%
123, 253 Karenova -
18%
149 Karlštejnská -
18%
130 K Austisu -
18%
122 Ke Smrčině 363
18%
121 Klánova -
18%
151 Klíčovská -
18%
161 K Noskovně 312
18%
103, 202 Kokořínská -
18%
141, 171, 221 Komárovská -
18%
101, 181 Kovošrot -
18%
138 Královická -
18%
118, 193 Krčská -
18%
246, 247, 261 Lahovický most -
18%
245 Lahovská -
18%
274 Levského 3, 17, 21
18%
117, 189, 197 Lhotecký les -
18%
222, 223, 224 Libošovská -
18%
220 Logistická zóna Horní Počernice -
18%
133, 136, 207 Lukášova -
18%
130, 225, 246 Lýskova -
18%
246 Maškův mlýn -
18%
138 Měchenická -
18%
125, 154 Mikulova -
18%
145, 162, 169 Mirovická -
18%
274 Modřanská rokle 3, 17, 21
18%
139, 246 Most Závodu míru 314, 338, 360, 361, 390
18%
153 Mrázovka -
18%
150, 190, 277 Na Beránku 341
18%
137, 149, 174 Bucharova -
14%
137, 149 Butovická -
14%
117 Čechtická -
14%
108 Českomalínská -
14%
135, 197, 203 Dědinova -
14%
131 Dukla-Juliska -
14%
162 Dvorní -
14%
121 Filosofická -
14%
125, 154 Hněvkovského -
14%
126, 197 Jarníkova -
14%
154, 188, 195 Jesenická -
14%
166, 255 Kalinův mlýn -
14%
182, 185, 201, 202, 203 Kbelský pivovar 302, 375, 378
14%
242 K Chatám 318
14%
120, 130, 230 K Holyni -
14%
160 K Horoměřicům -
14%
160 K Housličkám 355
14%
161 K Juliáně 312
14%
138, 193, 203 Klárův ústav -
14%
202 Kláštěrecká -
14%
134 Klikovka -
14%
168 Kodymova -
14%
111 Kolodějská obora 329
14%
116, 255 Korek -
14%
112, 234 Kovárna -
14%
193 Krčský hřbitov -
14%
103 Květinová -
14%
117, 139, 246 K Vystrkovu 341
14%
117 Lehárova -
14%
117, 193, 203 Lísek -
14%
120, 258 Michnovka -
14%
154, 274 Mílová -
14%
182 Mladějovská 302, 375, 378
14%
154, 188 Na Hroudě 22, 26
14%
172 Na Hvězdárně -
14%
126, 197 Na Jelenách -
14%
137, 142 Bašteckého -
9%
148 Dětská nemocnice Karlov -
9%
134 Doliny -
9%
204 Drobná -
9%
131, 216 Dyrinka -
9%
231, 271 Franty Kocourka -
9%
230 Grussova -
9%
131, 216 Hanspaulka -
9%
176 Holečkova -
9%
105 Horní cesta -
9%
154, 175, 183 Janovská -
9%
168, 225 Jiviny 347, 365
9%
172, 261 Kazínská -
9%
120 K Cikánce -
9%
164 Ke Kaménce -
9%
117 Ke Schodům -
9%
242 Ke Štěrkovně -
9%
115, 256 Knovízovská -
9%
248 Kolová -
9%
116, 255 Kulíška -
9%
159, 182 Lohenická 375, 376, 378
9%
122 Na Formance 363
9%
156 Bubenská -
5%
134 Děkanka -
5%
108 Dělostřelecká -
5%
176 Hřebenka -
5%
191, 265 Hybšmanka -
5%
159 Jilemnická -
5%
148 Kateřinská -
5%
101, 124, 139 Kavkazská -
5%
231, 271 Kesnerka -
5%
149, 168 K Fialce -
5%
176 Kobrova -
5%
174 K Třebonicům -
5%
167 Kudrnova -
5%
103 Liběchovská -
5%
113 Lipovická 333
5%
194 Masná -
5%
162 Měděnecká -
5%
149 Mototechna -
5%
134 Na Hřebenech -
5%
106, 121 Na Lysinách -
5%
180 Břevnovská -
0%
197, 215 Chýnovská -
0%
248 Dechtínská -
0%
154, 274 Dobronická -
0%
162 Do Rybníčků -
0%
125, 154, 183 Gercerova -
0%
130, 246 Hlávkova -.
0%
160 K Drsnici -
0%
113 Ke Březině 333
0%
231, 271 Ke Koulce -
0%
149 K Hájům -
0%
121 Korandova -
0%
241 Kostrounek -
0%
167, 265 Kotářka 9, 10, 15, 16
0%
227 K Říčanům -
0%
212 Krňovická -
0%
164 K Trninám -
0%
153 Kutvirtova -
0%
216 Macharovo náměstí -
0%
216 Matějská -
0%
172 Mrkosova -
0%
148 Na Bojišti -
0%
117 Na Cikorce -
0%
117, 139, 246 Na Havránce -
0%
242 Na Lhotkách -
0%
No matching quizzes found
Score Distribution
Percent of People with Each Score
Percentile by Number Answered
Your Score History
You have not taken this quiz